<?xml version="1.0" encoding="UTF-8"?>
<marc:record xmlns:marc="http://www.loc.gov/MARC21/slim">
   <marc:leader>00000nam a2200000 a 4500</marc:leader>
   <marc:datafield ind1="1" ind2=" " tag="100">
      <marc:subfield code="a">Chomsky, Noam</marc:subfield>
      <marc:subfield code="4">aut</marc:subfield>
      <marc:subfield code="e">Verfasser/-in</marc:subfield>
   </marc:datafield>
   <marc:datafield ind1="1" ind2=" " tag="100">
      <marc:subfield code="a">Haupt, Michael</marc:subfield>
      <marc:subfield code="4">trl</marc:subfield>
      <marc:subfield code="e">Übersetzer/-in</marc:subfield>
   </marc:datafield>
   <marc:datafield ind1="0" ind2="0" tag="245">
      <marc:subfield code="a">Profit over people</marc:subfield>
   </marc:datafield>
   <marc:datafield ind1="0" ind2="0" tag="245">
      <marc:subfield code="b">Neoliberalismus und globale Weltordnung</marc:subfield>
   </marc:datafield>
   <marc:datafield ind1="0" ind2="0" tag="245">
      <marc:subfield code="c">Noam Chomsky. Michael Haupt</marc:subfield>
   </marc:datafield>
   <marc:datafield ind1=" " ind2="1" tag="264">
      <marc:subfield code="a">München [u.a.]</marc:subfield>
      <marc:subfield code="b">Piper</marc:subfield>
      <marc:subfield code="c">2017</marc:subfield>
   </marc:datafield>
   <marc:datafield ind1="1" ind2=" " tag="490">
      <marc:subfield code="a">Serie Piper</marc:subfield>
   </marc:datafield>
   <marc:datafield ind1=" " ind2=" " tag="250">
      <marc:subfield code="a">9.</marc:subfield>
   </marc:datafield>
   <marc:datafield ind1="1" ind2=" " tag="520">
      <marc:subfield code="a">»Profit Over People«  so bezeichnet Noam Chomsky den Neoliberalismus, der den Profit über alles Menschliche stellt. Scharfsichtig kritisiert er die Logik des freien Marktes und plädiert für demokratischere Alternativen. »War Against People« ist eine Abrechnung mit den westlichen Staaten  denn sie sind die wahren Schurkenstaaten und nicht die Diktaturen der sogenannten Entwicklungsländer. Die Machtpolitik der USA missachtet die Menschenrechte und missbraucht diese zur Legitimation ihrer Gewaltanwendung."Noam Chomskys Buch bildet das dringend notwendige Korrektiv zu einem propagandistischen Bild der USA, das uns die westliche Führungsmacht im Wesentlichen als eine heile und gerechte Welt vorspiegelt."Quelle: deutschlandfunk.de</marc:subfield>
   </marc:datafield>
   <marc:datafield ind1=" " ind2=" " tag="020">
      <marc:subfield code="a">9783492246521</marc:subfield>
      <marc:subfield code="9">9783492246521</marc:subfield>
   </marc:datafield>
   <marc:datafield ind1=" " ind2=" " tag="041">
      <marc:subfield code="a">ger</marc:subfield>
   </marc:datafield>
   <marc:datafield ind1=" " ind2=" " tag="300">
      <marc:subfield code="a">158 S.</marc:subfield>
   </marc:datafield>
</marc:record>
